“寺庙”地点数量≥500的地级行政区 Prefectures with ≥500 temple sites - Statistics

General Stats
  • This quiz has been taken 67 times
  • The average score is 24 of 42
Answer Stats
地级行政区 数量 % Correct
重庆 3548
93%
北京 1282
93%
上海 635
91%
广州 537
91%
成都 1120
89%
泉州 1833
86%
杭州 1031
86%
福州 1507
82%
西安 668
82%
苏州 1016
80%
温州 1934
79%
郑州 625
79%
宁波 1905
77%
长沙 670
77%
洛阳 522
73%
台州 1216
71%
无锡 1393
68%
金华 931
68%
漳州 1233
66%
汕头 570
64%
宁德 850
63%
莆田 507
63%
绍兴 914
61%
昆明 595
61%
佛山 537
61%
南平 709
50%
乐山 695
50%
赣州 672
43%
南充 756
41%
石家庄 542
41%
绵阳 784
39%
达州 607
39%
宜宾 709
36%
南阳 734
34%
泸州 540
32%
忻州 722
30%
湛江 570
29%
巴中 607
18%
遵义 566
18%
安庆 511
18%
黄冈 623
7%
安康 557
7%
No matching quizzes found
Score Distribution
Percent of People with Each Score
Percentile by Number Answered
Your Score History
You have not taken this quiz